Πρώτη φιλοσοφία : κριτική αντίληψη των ιδεών
Saved in:
| Main Author: | |
|---|---|
| Other Authors: | , |
| Format: | Book |
| Language: | Greek |
| Published: |
[χ.τ.] :
Αναγνωστίδης,
[χ.χ.]
|
| Subjects: | |
| Tags: |
Add Tag
No Tags, Be the first to tag this record!
|
MARC
| LEADER | 00000cam a2200000 i 4500 | ||
|---|---|---|---|
| 001 | 1/79700 | ||
| 008 | 050630q19601970 gre d | ||
| 035 | |l 10078826 | ||
| 040 | |a GR-MY-UA |b gre |e aacr | ||
| 041 | 0 | |a gre | |
| 082 | 0 | |a 109 |2 (22) | |
| 100 | 1 | |a Husserl, Edmund, |d 1859-1938. | |
| 245 | 1 | 0 | |a Πρώτη φιλοσοφία : |b κριτική αντίληψη των ιδεών / |c Edmund Husserl ; μετάφραση Γρηγ. Λιονή ; επιμέλεια Κ. Μετρινού |
| 260 | |a [χ.τ.] : |b Αναγνωστίδης, |c [χ.χ.] | ||
| 300 | |a 299 σ.; |c 21 εκ. | ||
| 650 | 0 | 0 | |a Phenomenology. |
| 650 | 0 | 0 | |a Metaphysics. |
| 700 | 1 | |a Λιονής, Γρηγόρης Σ. |4 trl | |
| 700 | 1 | |a Μετρινός, Κ. | |
| 852 | |a INST |b RHODES |c KRI |e 20050630 |h 109 HUS |p 005400023126 |q 005400023126 |t BK |y 0 | ||
| 901 | |a BIBL4-2005-2 | ||
| 909 | |a Ρ |b 110982 | ||
| 970 | |a ΣΙΔΕΡΗ |b ΝΕΚΤΑΡΙΑ |z 2005/07/01 | ||